| 000 | 00675cam a22002413a 4500 | ||
|---|---|---|---|
| 001 | 29079 | ||
| 003 | PGUSA | ||
| 005 | 20140828083629.0 | ||
| 008 | 090609s2009||||xxu|||||s|||||000 1 eng d | ||
| 040 |
_aPGUSA _beng |
||
| 042 | _adc | ||
| 050 | 4 | _aPL | |
| 100 | 1 | _aWuseshizhuren, ju ren 1738 | |
| 245 | 1 | 0 |
_a五色石 _h[electronic resource] / _cju ren 1738 Wuseshizhuren |
| 260 |
_bProject Gutenberg, _c2009 |
||
| 506 | _aPublic domain in the USA. | ||
| 516 | _aElectronic text | ||
| 653 | _aChinese fiction -- Qing dynasty, 1644-1912 | ||
| 740 | 0 | _aWu Se Shi | |
| 830 | 0 |
_aProject Gutenberg _v29079 |
|
| 856 | 4 | 0 | _uhttp://www.gutenberg.org/ebooks/29079 |
| 942 | _cEB | ||
| 999 |
_c258334 _d258334 |
||